[Event "GER M03-B email"]
[Site "GER email"]
[Date "2014.06.01"]
[Round "?"]
[White "Glinz, Gustavo Adolfo"]
[Black "Brunsteins, Daniel Bernardo"]
[Result "1/2-1/2"]
[WhiteElo "2392"]
[BlackElo "2398"]
[PlyCount "33"]
[EventDate "2014.??.??"]
[EventType "tourn (corr)"]
[EventRounds "14"]
[EventCountry "GER"]
[SourceTitle "Corr 2022"]
[Source "ChessBase"]
[SourceDate "2021.10.24"]
[SourceVersion "1"]
[SourceVersionDate "2021.10.24"]
[SourceQuality "1"]

1. d4 d5 2. Nf3 Nf6 3. c4 c6 4. Nc3 e6 5. e3 Nbd7 6. Be2 dxc4 7. Bxc4 b5 8. Be2 Bb7 9. 0-0 Be7 10. e4 b4 11. e5 bxc3 12. exf6 Bxf6 13. bxc3 c5 14. dxc5 0-0 15. Ba3 Be7 16. Rb1 Bd5 17. Qc1 1/2-1/2

[Event "GER M03-B email"]
[Site "GER email"]
[Date "2014.06.01"]
[Round "?"]
[White "Glinz, Gustavo Adolfo"]
[Black "Calhau, Eduardo J G"]
[Result "1/2-1/2"]
[WhiteElo "2392"]
[BlackElo "2375"]
[PlyCount "36"]
[EventDate "2014.??.??"]
[EventType "tourn (corr)"]
[EventRounds "14"]
[EventCountry "GER"]
[SourceTitle "Corr 2022"]
[Source "ChessBase"]
[SourceDate "2021.10.24"]
[SourceVersion "1"]
[SourceVersionDate "2021.10.24"]
[SourceQuality "1"]

1. d4 Nf6 2. Nf3 e6 3. c4 b6 4. a3 Bb7 5. Nc3 d5 6. Bg5 Be7 7. cxd5 Nxd5 8. Nxd5 Bxd5 9. Bxe7 Qxe7 10. Rc1 0-0 11. e3 Rc8 12. Be2 c5 13. dxc5 Rxc5 14. Rxc5 Qxc5 15. 0-0 Nc6 16. Qd2 Qe7 17. Qc2 f5 18. Rd1 Qf6 1/2-1/2

[Event "GER M03-B email"]
[Site "GER email"]
[Date "2014.06.01"]
[Round "?"]
[White "Glinz, Gustavo Adolfo"]
[Black "Junge, Wolfgang"]
[Result "1/2-1/2"]
[WhiteElo "2392"]
[BlackElo "2346"]
[PlyCount "36"]
[EventDate "2014.??.??"]
[EventType "tourn (corr)"]
[EventRounds "14"]
[EventCountry "GER"]
[SourceTitle "Corr 2022"]
[Source "ChessBase"]
[SourceDate "2021.10.24"]
[SourceVersion "1"]
[SourceVersionDate "2021.10.24"]
[SourceQuality "1"]

1. d4 Nf6 2. Nf3 d5 3. c4 e6 4. Nc3 Be7 5. Bf4 0-0 6. e3 b6 7. cxd5 Nxd5 8. Nxd5 exd5 9. Bd3 c5 10. Ne5 Bf6 11. 0-0 Bxe5 12. Qh5 g6 13. Qxe5 Re8 14. Qg5 cxd4 15. Qxd8 Rxd8 16. Bxb8 Rxb8 17. exd4 Be6 18. Rfe1 Rbc8 1/2-1/2

[Event "GER M03-B email"]
[Site "GER email"]
[Date "2014.06.01"]
[Round "?"]
[White "Glinz, Gustavo Adolfo"]
[Black "Sikorsky, Reinhard"]
[Result "1/2-1/2"]
[WhiteElo "2392"]
[BlackElo "2400"]
[PlyCount "99"]
[EventDate "2014.??.??"]
[EventType "tourn (corr)"]
[EventRounds "14"]
[EventCountry "GER"]
[SourceTitle "Corr 2022"]
[Source "ChessBase"]
[SourceDate "2021.10.24"]
[SourceVersion "1"]
[SourceVersionDate "2021.10.24"]
[SourceQuality "1"]

1. d4 Nf6 2. Nf3 g6 3. c4 Bg7 4. Nc3 0-0 5. e4 d6 6. Be2 e5 7. 0-0 Nc6 8. d5 Ne7 9. Ne1 Ne8 10. f3 f5 11. Nd3 b6 12. Be3 Nf6 13. b4 c6 14. a4 Bb7 15. Nf2 Nh5 16. Re1 Bf6 17. a5 cxd5 18. cxd5 Bh4 19. Qb3 g5 20. Rec1 Kh8 21. Qb2 f4 22. Bd2 Nf6 23. Ncd1 h5 24. b5 Qd7 25. a6 Bc8 26. Bb4 Ne8 27. Qa3 Qd8 28. Nd3 g4 29. N1b2 Ng6 30. Nc4 Rf6 31. Ra2 gxf3 32. Bxf3 Bg4 33. Qb2 Rc8 34. Qe2 Qd7 35. Ra3 Rc7 36. Rac3 Kh7 37. Bxd6 Rxd6 38. h3 Bxf3 39. Qxf3 Nf6 40. Nxb6 Rxc3 41. Nxd7 Rxc1+ 42. Nxc1 Rxd7 43. Nd3 Rc7 44. d6 Rc3 45. b6 axb6 46. Nb2 Rc5 47. d7 Nxd7 48. Qxh5+ Kg7 49. Qd1 Rc7 50. Nd3 1/2-1/2